| 000 | 00487cam a2200193ua 4500 | ||
|---|---|---|---|
| 001 | 2547 | ||
| 008 | 110912n ii |||gr||||Z||||||asm | ||
| 040 | _cMAIN | ||
| 082 | _a414.8 | ||
| 100 | _aGoswami, Gulok Chandra, | ||
| 245 | 1 | 1 |
_aDhvanivijnanar bhumika _cby Gulok Chandra Goswami |
| 250 | _a2nd. | ||
| 260 |
_aGuahati: _bBani prakash.,977. |
||
| 300 |
_a159p: _bill; _c23cm. |
||
| 653 | _aLanguage | ||
| 653 | _aAssamese language | ||
| 653 | _aDhvanivijnanar bhumika | ||
| 942 | _cBK | ||
| 999 |
_c2400 _d2400 |
||